Pays du Proche et Moyen Orient - Carte Quiz. - Statistiques

Statistiques générales
  • Ce quiz a été pris 3 316 fois
    3 254 depuis la dernière actualisation
  • Le résultat moyen est 19 sur 26
Réponses sur la Carte
Les réponses sont colorées sur une échelle allant du rouge au vert en fonction du pourcentage des utilisateurs qui les ont devinées à leur premier essai. Vous pouvez retrouver ces pourcentages ci-dessous.
 
Statistiques - réponses
Réponse % Correct
Egypte
94%
Chypre
91%
Turquie
91%
Arabie saoudite
87%
Israel
84%
Irak
82%
Oman
81%
Iran
80%
Yemen
79%
Syrie
78%
Emirats Arabes Unis
77%
Jordanie
76%
Liban
76%
Bahrein
75%
Koweit
75%
Qatar
74%
Pakistan
68%
Kazakhstan
67%
Arménie
62%
Afghanistan
61%
Azerbaidjan
58%
Géorgie
53%
Ouzbékistan
52%
Kirghizistan
50%
Tadjikistan
47%
Turkménistan
43%
Aucun quiz correspondant
Distribution des résultats
% des personnes avec chaque résultat
Percentile par nombre de réponses
Votre historique - résultats
Vous n’avez pas pris ce quiz depuis la dernière actualisation